000 00859nam a2200253 4500
003 OSt
005 20260601193400.0
008 260421b2007 enka|||| |||| 00| 0 eng d
020 _a9781856695336 (rústica)
020 _a1856695336 (rústica)
040 _aICI
_bspa
_cICI
050 4 _aTS171
_bP56
100 1 _aPipes, Alan,
_934933
245 1 _aDrawing for designers /
_cAlan Pipes
264 _b L. King,
_c 2007
_aLondon :
300 _a224 páginas
_bilustraciones (principalmente a color)
_c28cm.
336 _atexto
_2rdacontent
337 _asin medio
_2rdamedia
338 _avolumen
_2rdacarrier
500 _a'Drawing skills, concept sketches, computer systems, illustration, tools and materials, presentations, production techniques' - cubierta
650 4 _aDiseño industrial
_934934
650 4 _aDibujo técnico
_934935
942 _2lcc
_cB
999 _c20979
_d20979